000 00606nam a22002417a 4500
003 UA-OsUOA
001 37306
007 ta
008 20060303b un ||||| |||| 00| 0 ukr d
100 _aТуган-Барановський М.І.
090 _a336.74(091)
_bТ81
942 _cBK
040 _aUA-OsUOA
_bukr
_cUA-OsUOA
_dUA-OsUOA
245 _aПаперові гроші та метал
300 _a200 с.
955 _a2
041 _aukr
080 _a336.74(091)
020 _a966-574-576-Х
260 _aК.
_bКНЕУ
_c2004
650 7 _a336 Фінанси
_2UDC
999 _c323492
_d323492